[Event "Uljanovsk Povolje op"]
[Site "Uljanovsk"]
[Date "2014.08.28"]
[Round "4"]
[White "Chesalkin, Vladimir"]
[Black "Parshakov, Vladimir"]
[Result "1-0"]
[WhiteElo "2078"]
[BlackElo "1909"]
[PlyCount "61"]
[EventDate "2014.08.26"]
[EventType "swiss"]
[EventRounds "9"]
[EventCountry "RUS"]
[SourceTitle "CBM 162 Extra"]
[Source "ChessBase"]
[SourceDate "2014.10.17"]
[SourceVersion "1"]
[SourceVersionDate "2014.10.17"]
[SourceQuality "1"]

1. d4 Nf6 2. Nf3 b6 3. c4 e6 4. a3 Bb7 5. Nc3 Be7 6. Bf4 0-0 7. e3 d6 8. Bd3 Nbd7 9. e4 h6 10. 0-0 Re8 11. Bg3 Nf8 12. Re1 Nh5 13. b4 Nxg3 14. hxg3 c5 15. bxc5 dxc5 16. d5 Ng6 17. e5 exd5 18. Bxg6 fxg6 19. cxd5 g5 20. d6 Bf8 21. Nb5 g4 22. Nh4 Qd7 23. Nc7 g5 24. Nxe8 Rxe8 25. Ng6 Qc6 26. f3 gxf3 27. Qxf3 Qd7 28. e6 Qg7 29. Qf7+ Qxf7 30. exf7+ Kxf7 31. Nh8+ 1-0

[Event "Uljanovsk Student op"]
[Site "Uljanovsk"]
[Date "2014.04.05"]
[Round "7"]
[White "Parshakov, Vladimir"]
[Black "Abdurahmanov, Afer"]
[Result "1-0"]
[WhiteElo "1921"]
[BlackElo "1664"]
[PlyCount "128"]
[EventDate "2014.03.22"]
[EventType "swiss"]
[EventRounds "9"]
[EventCountry "RUS"]
[SourceTitle "EXT 2016"]
[Source "ChessBase"]
[SourceDate "2015.10.08"]
[SourceVersion "1"]
[SourceVersionDate "2015.10.08"]
[SourceQuality "1"]

1. e4 e6 2. d4 Ne7 3. Nf3 h6 4. Bd3 Ng6 5. 0-0 Be7 6. c4 Nh4 7. Be3 Nc6 8. Nbd2 Nb4 9. Bb1 c6 10. a3 Na6 11. Bd3 Nc7 12. Rc1 d5 13. e5 Bd7 14. c5 Nxf3+ 15. Qxf3 Bg5 16. Qg4 Qe7 17. f4 Bh4 18. g3 Bf6 19. exf6 gxf6 20. Qh4 0-0-0 21. Nf3 Rdg8 22. Ne5 h5 23. Nxd7 Kxd7 24. Rce1 Rg4 25. Qh3 f5 26. Be2 Rg7 27. Kh1 Qf8 28. Rg1 Ne8 29. b4 Nf6 30. b5 Ng4 31. bxc6+ bxc6 32. Bxg4 hxg4 33. Qf1 Rgh7 34. Re2 Qb8 35. Qb1 Qc8 36. Rb2 Ke7 37. Rgg2 Qa6 38. Bg1 Rh3 39. Qe1 Kf6 40. Qe5+ Kg6 41. Rb8 f6 42. Qc7 R3h7 43. Qd6 Rxb8 44. Qxb8 Qxa3 45. Qg8+ Rg7 46. Qxe6 Qa4 47. Re2 Qb3 48. Qxc6 a5 49. Qe8+ Rf7 50. Qe3 Qb5 51. Rc2 Qc6 52. Qa3 a4 53. Ra2 Ra7 54. Qb4 Qe8 55. Qb6 Ra8 56. Qb7 Qe4+ 57. Rg2 Qe8 58. Qxd5 a3 59. c6 Rd8 60. Qc4 Rb8 61. Re2 Qc8 62. d5 Rb2 63. Bd4 Qb8 64. c7 Qb3 1-0

[Event "Uljanovsk Volga op"]
[Site "Uljanovsk"]
[Date "2014.01.06"]
[Round "8"]
[White "Parshakov, Vladimir"]
[Black "Ulanov, Alexandr"]
[Result "0-1"]
[WhiteElo "1918"]
[BlackElo "2415"]
[PlyCount "76"]
[EventDate "2014.01.03"]
[EventType "swiss"]
[EventRounds "9"]
[EventCountry "RUS"]
[SourceTitle "CBM 158 Extra"]
[Source "ChessBase"]
[SourceDate "2014.02.28"]
[SourceVersion "1"]
[SourceVersionDate "2014.02.28"]
[SourceQuality "1"]

1. e4 Nf6 2. e5 Nd5 3. d4 d6 4. exd6 cxd6 5. Nf3 g6 6. Be2 Bg7 7. 0-0 0-0 8. c3 Nc6 9. Re1 e5 10. dxe5 dxe5 11. Nbd2 Nf4 12. Nf1 Qxd1 13. Bxd1 Nd3 14. Re2 Bg4 15. h3 Nxc1 16. Rxc1 Bf5 17. Bc2 Bxc2 18. Rcxc2 Rad8 19. Rcd2 Bh6 20. Rxd8 Rxd8 21. Ne3 e4 22. Nd2 f5 23. g3 Ne5 24. Kg2 b5 25. Nb3 Nf3 26. Nf1 Rd1 27. Nd4 Nxd4 28. cxd4 Rxd4 29. Rc2 Rc4 30. Rxc4 bxc4 31. f4 Bg7 32. Ne3 Bxb2 33. Nxc4 Bd4 34. g4 Kf7 35. Kg3 Ke6 36. h4 Kd5 37. Nd2 Bc3 38. Nb3 Be1+ 0-1

[Event "Uljanovsk Volga op"]
[Site "Uljanovsk"]
[Date "2014.01.04"]
[Round "4"]
[White "Parshakov, Vladimir"]
[Black "Beldyugin, Alexey"]
[Result "0-1"]
[WhiteElo "1918"]
[BlackElo "2111"]
[PlyCount "54"]
[EventDate "2014.01.03"]
[EventType "swiss"]
[EventRounds "9"]
[EventCountry "RUS"]
[SourceTitle "CBM 158 Extra"]
[Source "ChessBase"]
[SourceDate "2014.02.28"]
[SourceVersion "1"]
[SourceVersionDate "2014.02.28"]
[SourceQuality "1"]

1. e4 Nc6 2. d4 d5 3. e5 Bf5 4. c3 f6 5. f4 Qd7 6. Bd3 0-0-0 7. Nf3 g5 8. fxg5 fxe5 9. dxe5 Bg7 10. Bf4 d4 11. Nxd4 Bxd3 12. Qxd3 Nxe5 13. Bxe5 Bxe5 14. Qf5 Bxd4 15. Qxd7+ Rxd7 16. cxd4 h6 17. 0-0 hxg5 18. Rf8+ Rd8 19. Rxd8+ Kxd8 20. Nc3 Nf6 21. Re1 Rh4 22. Re5 Rxd4 23. Rxg5 Rd2 24. b3 Rc2 25. Rg3 Rc1+ 26. Kf2 Rxc3 27. Rxc3 Ne4+ 0-1

[Event "Uljanovsk Povolje op"]
[Site "Uljanovsk"]
[Date "2013.08.29"]
[Round "9"]
[White "Stepanova, Alla"]
[Black "Parshakov, Vladimir"]
[Result "0-1"]
[WhiteElo "1548"]
[BlackElo "1948"]
[PlyCount "76"]
[EventDate "2013.08.24"]
[EventType "swiss"]
[EventRounds "9"]
[EventCountry "RUS"]
[SourceTitle "CBM 156 Extra"]
[Source "ChessBase"]
[SourceDate "2013.10.22"]
[SourceVersion "1"]
[SourceVersionDate "2013.10.22"]
[SourceQuality "1"]

1. d4 Nf6 2. c4 e6 3. Nc3 Bb4 4. Bd2 c5 5. Nf3 0-0 6. Qc2 d5 7. e3 Nc6 8. a3 Bxc3 9. Bxc3 cxd4 10. Nxd4 Bd7 11. Nf3 Rc8 12. Ng5 g6 13. Bd3 e5 14. e4 dxc4 15. Bxc4 b5 16. Ba2 b4 17. axb4 Nxb4 18. Qb3 Nxa2 19. Qxa2 h6 20. Nf3 Nxe4 21. 0-0 Nxc3 22. bxc3 e4 23. Ne5 Bb5 24. Rfd1 Qf6 25. c4 Qxe5 26. cxb5 Qxb5 27. Qxa7 Rc2 28. Qe3 Qf5 29. Rd2 Rxd2 30. Qxd2 h5 31. h3 Rb8 32. Ra5 Qf6 33. Qc2 Rb2 34. Qc5 Rb1+ 35. Kh2 Qf4+ 36. g3 Qf3 37. Ra8+ Kh7 38. Rh8+ Kxh8 0-1

[Event "Uljanovsk Povolje op"]
[Site "Uljanovsk"]
[Date "2013.08.24"]
[Round "1"]
[White "Parshakov, Vladimir"]
[Black "Frolova, Marina"]
[Result "1-0"]
[WhiteElo "1948"]
[BlackElo "1585"]
[PlyCount "95"]
[EventDate "2013.08.24"]
[EventType "swiss"]
[EventRounds "9"]
[EventCountry "RUS"]
[SourceTitle "CBM 156 Extra"]
[Source "ChessBase"]
[SourceDate "2013.10.22"]
[SourceVersion "1"]
[SourceVersionDate "2013.10.22"]
[SourceQuality "1"]

1. e4 c5 2. Nf3 Nc6 3. d4 e6 4. Nc3 cxd4 5. Nxd4 Be7 6. Be3 Nf6 7. Be2 0-0 8. 0-0 b6 9. f4 Bb7 10. Bf3 d5 11. exd5 Nxd5 12. Nxd5 exd5 13. Nf5 Bf6 14. c3 Ne7 15. Qd3 Bc6 16. Rfe1 Nxf5 17. Qxf5 Qd6 18. Rad1 Rad8 19. Bd4 Qd7 20. Qxd7 Rxd7 21. Bxf6 gxf6 22. Bg4 Rc7 23. Bf5 Rb8 24. Re3 h6 25. Rdd3 Re8 26. Rxe8+ Bxe8 27. Rxd5 Re7 28. Kf2 Kg7 29. Rd3 Bb5 30. Rg3+ Kh8 31. Bd3 Bc6 32. Bf5 Bb5 33. Re3 Rxe3 34. Kxe3 Bc6 35. g3 Kg7 36. Kd4 Kf8 37. c4 Ke7 38. c5 b5 39. Be4 Kd7 40. Bxc6+ Kxc6 41. b4 a6 42. Ke4 a5 43. a3 axb4 44. axb4 Kd7 45. Kf5 Ke7 46. g4 Ke8 47. Kxf6 Kf8 48. h4 1-0

[Event "Uljanovsk Volga op"]
[Site "Uljanovsk"]
[Date "2011.01.05"]
[Round "6"]
[White "Dobrosmyslov, Artem Igorevich"]
[Black "Parshakov, Vladimir"]
[Result "0-1"]
[WhiteElo "1734"]
[BlackElo "2017"]
[PlyCount "124"]
[EventDate "2011.01.03"]
[EventType "swiss"]
[EventRounds "9"]
[EventCountry "RUS"]
[SourceTitle "CBM 140 Extra"]
[Source "ChessBase"]
[SourceDate "2011.03.01"]
[SourceVersion "1"]
[SourceVersionDate "2011.03.01"]
[SourceQuality "1"]

1. e4 c5 2. c3 d6 3. d4 Nf6 4. f3 cxd4 5. cxd4 e6 6. Nc3 Be7 7. Bd3 0-0 8. Nge2 a6 9. 0-0 Nbd7 10. Be3 b5 11. a3 Bb7 12. Rc1 Rc8 13. Qd2 Rc7 14. Rc2 Qb8 15. Rfc1 Rfc8 16. Nd1 e5 17. Rxc7 Rxc7 18. Rxc7 Qxc7 19. Qc3 Qxc3 20. Ndxc3 d5 21. exd5 Nxd5 22. Nxd5 Bxd5 23. Nc3 Bb7 24. Be4 Bxe4 25. Nxe4 f5 26. Nc3 Kf7 27. Nd5 Bd8 28. dxe5 Nxe5 29. Bb6 Bxb6+ 30. Nxb6 Ke6 31. b3 Nd3 32. Kf1 Nc1 33. b4 Kd6 34. Nc8+ Kd7 35. Nb6+ Kc6 36. Nc8 g6 37. Ne7+ Kd6 38. Nc8+ Ke6 39. Kf2 f4 40. Ke1 Nb3 41. Ke2 Nd4+ 42. Kd3 Nf5 43. Ke4 g5 44. Nb6 Ne3 45. g3 fxg3 46. hxg3 Nc2 47. Nd5 Kd6 48. Nf6 Nxa3 49. Nxh7 Nc2 50. Nxg5 Nxb4 51. Kd4 Nc6+ 52. Kc3 a5 53. Ne4+ Ke5 54. Nd2 a4 55. Nb1 Kd5 56. Na3 b4+ 57. Kb2 Ne5 58. Nc2 Nd3+ 59. Kb1 b3 60. Ne3+ Kd4 61. Nd1 a3 62. g4 Ne1 0-1

[Event "Uljanovsk Povolje op"]
[Site "Uljanovsk"]
[Date "2010.11.23"]
[Round "7"]
[White "Parshakov, Vladimir"]
[Black "Alachihin, Vladimir"]
[Result "0-1"]
[WhiteElo "2006"]
[BlackElo "2243"]
[PlyCount "74"]
[EventDate "2010.11.19"]
[EventType "swiss"]
[EventRounds "9"]
[EventCountry "RUS"]
[SourceTitle "CBM 139 Extra"]
[Source "ChessBase"]
[SourceDate "2011.01.05"]
[SourceVersion "1"]
[SourceVersionDate "2011.01.05"]
[SourceQuality "1"]

1. d4 Nf6 2. c4 g6 3. Nc3 Bg7 4. e4 d6 5. Bd3 e5 6. d5 a5 7. Nge2 Na6 8. 0-0 0-0 9. a3 Nc5 10. Bc2 Bd7 11. f3 Ne8 12. Be3 f5 13. Qd2 f4 14. Bf2 g5 15. b4 axb4 16. axb4 Na6 17. b5 Nc5 18. Na4 Nxa4 19. Rxa4 Rxa4 20. Bxa4 b6 21. Bd1 h5 22. h3 Qf6 23. Nc1 Bh6 24. Nd3 Qg6 25. Nb4 g4 26. hxg4 hxg4 27. fxg4 Nf6 28. Nc6 Kf7 29. Bh4 Nxe4 30. Qd3 Bg5 31. Bxg5 Nxg5 32. Qe2 Bxc6 33. bxc6 Qh6 34. Qc2 Kg7 35. Bf3 Qh4 36. Qb1 Qg3 37. Qe1 Nxf3+ 0-1

[Event "Uljanovsk Povolje op"]
[Site "Uljanovsk"]
[Date "2010.11.22"]
[Round "6"]
[White "Parshakov, Vladimir"]
[Black "Yarullina, Alina"]
[Result "1-0"]
[WhiteElo "2006"]
[BlackElo "2051"]
[PlyCount "95"]
[EventDate "2010.11.19"]
[EventType "swiss"]
[EventRounds "9"]
[EventCountry "RUS"]
[SourceTitle "CBM 139 Extra"]
[Source "ChessBase"]
[SourceDate "2011.01.05"]
[SourceVersion "1"]
[SourceVersionDate "2011.01.05"]
[SourceQuality "1"]

1. d4 Nf6 2. c4 g6 3. Nc3 Bg7 4. e4 d6 5. f3 0-0 6. Be3 e5 7. d5 c6 8. Qd2 cxd5 9. cxd5 a6 10. Bd3 Nbd7 11. Rc1 Nh5 12. Nge2 f5 13. 0-0 Nc5 14. Bc2 a5 15. Na4 Nxa4 16. Bxa4 fxe4 17. fxe4 Nf6 18. Nc3 Ng4 19. h3 Nxe3 20. Qxe3 Rf4 21. Ne2 Bh6 22. Nxf4 exf4 23. Qf3 Qb6+ 24. Kh2 Qxb2 25. Rc2 Qb4 26. Rfc1 Qxa4 27. Rxc8+ Rxc8 28. Rxc8+ Kf7 29. Qg4 Qxe4 30. Rc7+ Kf6 31. Qh4+ Bg5 32. Qxh7 Ke5 33. Qh8+ Kxd5 34. h4 Qe3 35. Rc3 Qd4 36. Qg8+ Ke5 37. hxg5 Kf5 38. Rc4 Qe5 39. Qd8 f3+ 40. Kh3 fxg2 41. Qf8+ Kxg5 42. Rg4+ Kh5 43. Rxg2 b5 44. Rg3 Qe6+ 45. Kg2 Qxa2+ 46. Qf2 Qc4 47. Qf3+ Kh6 48. Qf8+ 1-0

[Event "Uljanovsk-ch"]
[Site "Uljanovsk"]
[Date "2010.03.27"]
[Round "7"]
[White "Chaplygin, Anton"]
[Black "Parshakov, Vladimir"]
[Result "1-0"]
[WhiteElo "1966"]
[BlackElo "2006"]
[PlyCount "109"]
[EventDate "2010.03.13"]
[EventType "swiss"]
[EventRounds "9"]
[EventCountry "RUS"]
[SourceTitle "EXT 2012"]
[Source "ChessBase"]
[SourceDate "2011.11.24"]
[SourceVersion "1"]
[SourceVersionDate "2011.11.24"]
[SourceQuality "1"]

1. c4 Nf6 2. g3 e6 3. Bg2 d5 4. Nf3 Be7 5. 0-0 0-0 6. d4 c6 7. Qc2 Nbd7 8. Nbd2 Re8 9. e4 dxe4 10. Nxe4 Nxe4 11. Qxe4 Nf6 12. Qc2 a5 13. Rd1 Bd7 14. Bf4 Rc8 15. Ne5 b5 16. Rac1 a4 17. h3 Nh5 18. Be3 Rf8 19. Qe2 Nf6 20. Bf4 Be8 21. cxb5 cxb5 22. Nc6 Bxc6 23. Bxc6 a3 24. Qxb5 axb2 25. Qxb2 Qa5 26. a4 Qf5 27. Bg2 Rcd8 28. Bc7 Rd7 29. Qb5 Bd8 30. Qxf5 exf5 31. Bxd8 Rfxd8 32. a5 g6 33. a6 Ne4 34. d5 Kg7 35. Bxe4 fxe4 36. Ra1 Ra7 37. Ra5 Rd6 38. Rda1 f5 39. Kf1 Kf6 40. Ke2 Ke5 41. Ke3 g5 42. f4+ exf3 43. Kxf3 Rxd5 44. Rxd5+ Kxd5 45. Ra5+ Ke6 46. Ke3 h6 47. Kd4 h5 48. Kc5 h4 49. gxh4 gxh4 50. Kb6 Ra8 51. Kb7 Rxa6 52. Kxa6 Kf6 53. Kb6 Kg5 54. Kc5 Kf4 55. Kd4 1-0

[Event "Uljanovsk-ch"]
[Site "Uljanovsk"]
[Date "2010.03.20"]
[Round "4"]
[White "Anikin, Victor"]
[Black "Parshakov, Vladimir"]
[Result "1/2-1/2"]
[WhiteElo "1863"]
[BlackElo "2006"]
[PlyCount "100"]
[EventDate "2010.03.13"]
[EventType "swiss"]
[EventRounds "9"]
[EventCountry "RUS"]
[SourceTitle "EXT 2012"]
[Source "ChessBase"]
[SourceDate "2011.11.24"]
[SourceVersion "1"]
[SourceVersionDate "2011.11.24"]
[SourceQuality "1"]

1. Nf3 Nf6 2. b4 e6 3. a3 d5 4. Bb2 Be7 5. d4 0-0 6. Nfd2 Nbd7 7. f3 Nb6 8. e3 Na4 9. Bc1 Nb6 10. Bd3 c6 11. 0-0 Qc7 12. f4 a5 13. bxa5 Rxa5 14. Nb3 Ra8 15. N1d2 Na4 16. g4 c5 17. g5 c4 18. gxf6 Bxf6 19. Be2 cxb3 20. Nxb3 Nc3 21. Qe1 Nxe2+ 22. Qxe2 Qc3 23. Ra2 b6 24. Bd2 Qc7 25. Rb1 Ra4 26. Bb4 Ba6 27. Qg4 Ra8 28. h4 Bc8 29. c3 Ba6 30. Rg2 Bd3 31. Rc1 Be4 32. Rh2 Be7 33. Qd1 Qd8 34. h5 h6 35. Nd2 Bf5 36. Qf1 Bxb4 37. axb4 Ra2 38. Qf3 Rb2 39. Qd1 Raa2 40. Ra1 Rxa1 41. Qxa1 Rc2 42. Nf3 Rxh2 43. Kxh2 Bg4 44. Kg3 Bxh5 45. Ne5 f6 46. Nc6 Qe8 47. b5 Qg6+ 48. Kf2 Qc2+ 49. Kg3 Qe2 50. Qa8+ Kh7 1/2-1/2

[Event "Uljanovsk op"]
[Site "Uljanovsk"]
[Date "2010.01.09"]
[Round "8"]
[White "Parshakov, Vladimir"]
[Black "Mikeev, Valery"]
[Result "1-0"]
[WhiteElo "2011"]
[BlackElo "1913"]
[PlyCount "35"]
[EventDate "2010.01.04"]
[EventType "swiss"]
[EventRounds "9"]
[EventCountry "RUS"]
[SourceTitle "CBM 134 Extra"]
[Source "ChessBase"]
[SourceDate "2010.03.03"]
[SourceVersion "1"]
[SourceVersionDate "2010.03.03"]
[SourceQuality "1"]

1. e4 c5 2. Nf3 d6 3. d4 cxd4 4. Nxd4 Nf6 5. Nc3 a6 6. Bg5 Nbd7 7. Be2 g6 8. Qd2 Bg7 9. 0-0-0 0-0 10. Bh6 Qc7 11. f3 b5 12. g4 Nb6 13. Bxg7 Kxg7 14. g5 Nfd7 15. h4 Bb7 16. h5 b4 17. hxg6 bxc3 18. Nf5+ 1-0

[Event "Uljanovsk op"]
[Site "Uljanovsk"]
[Date "2009.08.26"]
[Round "3"]
[White "Parshakov, Vladimir"]
[Black "Arslanov, Ildar"]
[Result "1/2-1/2"]
[WhiteElo "2035"]
[BlackElo "2169"]
[PlyCount "86"]
[EventDate "2009.08.26"]
[EventType "swiss"]
[EventRounds "9"]
[EventCountry "RUS"]
[SourceTitle "CBM 132 Extra"]
[Source "ChessBase"]
[SourceDate "2009.11.03"]
[SourceVersion "1"]
[SourceVersionDate "2009.11.03"]
[SourceQuality "1"]

1. e4 c5 2. Nf3 e6 3. d4 cxd4 4. Nxd4 d6 5. Bb5+ Nd7 6. 0-0 Ngf6 7. Nc3 Be7 8. b3 0-0 9. Bb2 Qc7 10. Re1 a6 11. Be2 b5 12. Bf3 Bb7 13. a3 Rac8 14. g3 Rfd8 15. Qe2 Qa5 16. Na2 d5 17. exd5 Bxd5 18. Bxd5 Nxd5 19. Nxe6 fxe6 20. Qxe6+ Kh8 21. Qxd5 Bf6 22. Bxf6 Nxf6 23. Qf5 Qxa3 24. Nc3 Qb2 25. Ne4 Qxc2 26. Rxa6 Nxe4 27. Qxe4 Qxb3 28. Ra7 Qc3 29. Rb7 Qc5 30. Qe7 Qd4 31. Qe5 b4 32. Qxd4 Rxd4 33. Rb1 h5 34. R1xb4 Rxb4 35. Rxb4 Kh7 36. Rb2 g5 37. h3 Kg6 38. Kg2 Rc5 39. Rb6+ Kg7 40. Re6 Rc3 41. Re3 Rc1 42. Ra3 Rb1 43. Kf3 Rb4 1/2-1/2

[Event "Uljanovsk op"]
[Site "Uljanovsk"]
[Date "2009.08.26"]
[Round "1"]
[White "Parshakov, Vladimir"]
[Black "Seyfutdinov, Rustam"]
[Result "1-0"]
[WhiteElo "2035"]
[BlackElo "1630"]
[PlyCount "67"]
[EventDate "2009.08.26"]
[EventType "swiss"]
[EventRounds "9"]
[EventCountry "RUS"]
[SourceTitle "CBM 132 Extra"]
[Source "ChessBase"]
[SourceDate "2009.11.03"]
[SourceVersion "1"]
[SourceVersionDate "2009.11.03"]
[SourceQuality "1"]

1. e4 g6 2. d4 Bg7 3. c4 d6 4. Nc3 Nd7 5. Nf3 e5 6. d5 Ngf6 7. Bd3 0-0 8. 0-0 a5 9. Bd2 Nc5 10. Bc2 Nfd7 11. a3 Nb6 12. b4 axb4 13. axb4 Rxa1 14. Qxa1 Na6 15. b5 Nc5 16. Qa2 Bg4 17. Be3 Bxf3 18. gxf3 f5 19. Kh1 f4 20. Bxc5 dxc5 21. Bd3 g5 22. Rg1 h5 23. Qa7 Kh8 24. Qxb7 Rg8 25. Qc6 Bf6 26. Be2 Nd7 27. d6 cxd6 28. Qxd6 Kh7 29. Nd5 Bh8 30. Rd1 g4 31. Ne7 Rg7 32. Nf5 Rf7 33. Qh6+ Kg8 34. Qxh5 1-0

[Event "Uljanovsk Petrosian Memorial op"]
[Site "Uljanovsk"]
[Date "2009.06.28"]
[Round "8"]
[White "Parshakov, Vladimir"]
[Black "Sidorov, Gennady"]
[Result "1-0"]
[WhiteElo "2044"]
[BlackElo "1909"]
[PlyCount "64"]
[EventDate "2009.06.20"]
[EventType "swiss"]
[EventRounds "9"]
[EventCountry "RUS"]
[SourceTitle "EXT 2012"]
[Source "ChessBase"]
[SourceDate "2011.11.24"]
[SourceVersion "1"]
[SourceVersionDate "2011.11.24"]
[SourceQuality "1"]

1. e4 c5 2. Nf3 Nc6 3. d4 cxd4 4. Nxd4 e5 5. Nb5 a6 6. Nd6+ Bxd6 7. Qxd6 Qf6 8. Qd1 Qg6 9. Nc3 Nge7 10. Be3 f5 11. f3 0-0 12. Qd2 b5 13. 0-0-0 fxe4 14. Nxe4 d5 15. Ng3 d4 16. Bf2 Be6 17. Kb1 Rac8 18. Bd3 Qf7 19. a3 Bc4 20. Ne4 Bxd3 21. Qxd3 Qg6 22. h4 h6 23. g4 Nd5 24. h5 Qe6 25. g5 Nf4 26. Qd2 a5 27. gxh6 Qxh6 28. Rdg1 b4 29. a4 Kh8 30. Bh4 Ne6 31. Qxh6+ gxh6 32. Rg6 Nf4 1-0

[Event "Uljanovsk-ch"]
[Site "Uljanovsk"]
[Date "2009.03.28"]
[Round "9"]
[White "Parshakov, Vladimir"]
[Black "Chaplygin, Anton"]
[Result "1/2-1/2"]
[WhiteElo "2044"]
[BlackElo "1999"]
[PlyCount "76"]
[EventDate "2009.03.14"]
[EventType "swiss"]
[EventRounds "9"]
[EventCountry "RUS"]
[SourceTitle "EXT 2010"]
[Source "ChessBase"]
[SourceDate "2010.11.25"]
[SourceVersion "1"]
[SourceVersionDate "2010.11.25"]
[SourceQuality "1"]

1. e4 e6 2. d4 d5 3. Nc3 Nf6 4. exd5 exd5 5. Nf3 Be7 6. Ne5 0-0 7. Bd3 c5 8. dxc5 Bxc5 9. 0-0 Nc6 10. Nxc6 bxc6 11. Bg5 Be7 12. Ne2 Bg4 13. c3 Re8 14. Qc2 h6 15. Bh4 a5 16. Nd4 Qc7 17. Nf5 Bxf5 18. Bxf5 Ne4 19. Bxe7 Rxe7 20. Rae1 Rae8 21. c4 Qf4 22. Bxe4 Rxe4 23. Rxe4 dxe4 24. Rd1 g6 25. Qd2 Qe5 26. b3 Qc5 27. Qxh6 e3 28. fxe3 Rxe3 29. Kf1 Qf5+ 30. Kg1 Qc5 31. Kh1 Qd4 32. Rf1 Re2 33. h3 Rxa2 34. Qf4 Qxf4 35. Rxf4 Kg7 36. Rd4 Rb2 37. Rd3 f5 38. Kh2 Kf6 1/2-1/2

[Event "Uljanovsk-ch"]
[Site "Uljanovsk"]
[Date "2009.03.19"]
[Round "6"]
[White "Mikeev, Valery"]
[Black "Parshakov, Vladimir"]
[Result "1-0"]
[WhiteElo "1882"]
[BlackElo "2044"]
[PlyCount "80"]
[EventDate "2009.03.14"]
[EventType "swiss"]
[EventRounds "9"]
[EventCountry "RUS"]
[SourceTitle "EXT 2010"]
[Source "ChessBase"]
[SourceDate "2010.11.25"]
[SourceVersion "1"]
[SourceVersionDate "2010.11.25"]
[SourceQuality "1"]

1. Nf3 Nf6 2. c4 e6 3. Nc3 d5 4. g3 Be7 5. Bg2 0-0 6. 0-0 c6 7. cxd5 exd5 8. d4 Nbd7 9. b3 Re8 10. Bb2 Bd6 11. e3 Nf8 12. Ne2 Ng6 13. h3 Ne4 14. Rc1 f5 15. a3 Bd7 16. Nf4 Qf6 17. Rc2 Re7 18. Qa1 Rae8 19. Nh5 Qf7 20. Nf4 Bc8 21. Nd3 Qf6 22. Re1 h6 23. Nde5 Nh8 24. b4 a6 25. Qd1 g5 26. Bc1 Nf7 27. Bb2 g4 28. Nxf7 Qxf7 29. hxg4 fxg4 30. Ne5 Qg7 31. Bxe4 dxe4 32. Nc4 Qg6 33. d5 b5 34. Nxd6 Qxd6 35. Rxc6 Qd7 36. Rxh6 Qf5 37. Qd4 Re5 38. Qb6 Rf8 39. Rf1 Rfe8 40. Rf6 Qh5 1-0